=LDR 00000nam 2200000 4500 =001 INLIS000000000008792 =005 20210215020611 =035 ##$$a 0010-061300000008792 =008 210215################g##########0#ind## =041 ##$$a Ind =082 ##$$a 336 =090 ##$$a 336, Hol m =100 1#$$a Holloway, Richard =245 1#$$a Menuju kemandirian Keuangan /$c Richad Holloway; penerjemah, Noviati , Clara Hilman =260 ##$$a Jakarta :$b Yayasan obor Indonesia,$c 2001 =300 ##$$a xxvvi, 373 hlm ; $c 21x14 cm =650 #4$$a Keuangan - indonesia =700 #$$a Noviati =020 ##$$a 979-461-380-0 =084 ##$$a 336 HOL m =250 ##$$a cet.1 =990 ##$$a DW00027371 =990 ##$$a DW00027372 =990 ##$$a DW00027373 =990 ##$$a 00086575 =990 ##$$a 00086575 =990 ##$$a DW00027371 =990 ##$$a DW00027372 =990 ##$$a DW00027373 =990 ##$$a 170.873/pro-2001 =990 ##$$a DW00027371 =990 ##$$a DW00027373 =990 ##$$a 00086575 =990 ##$$a 170.873/Pro-2001 =990 ##$$a DW00027371 =990 ##$$a DW00027373 =990 ##$$a 00086575 =990 ##$$a 170.872/Pro-2001 =990 ##$$a 170.873/Pro-2001 =990 ##$$a DW00027373 =990 ##$$a 00086575 =990 ##$$a 170.874/Pro-2001 =990 ##$$a 170.872/Pro-2001 =990 ##$$a 170.873/Pro-2001 =990 ##$$a 00086575 =990 ##$$a 170.875/Pro-2001 =990 ##$$a 170.872/Pro-2001 =990 ##$$a 170.873/Pro-2001 =990 ##$$a 170.874/Pro-2001 =990 ##$$a 170.875/Pro-2001 =990 ##$$a 170.872/Pro-2001 =990 ##$$a 170.873/Pro-2001 =990 ##$$a 170.874/Pro-2001 =990 ##$$a 170.874/Pro-2001 =990 ##$$a 170.872/Pro-2001 =990 ##$$a 170.873/Pro-2001 =990 ##$$a 170.875/Pro-2001 =990 ##$$a 170.873/Pro-2001 =990 ##$$a 170.872/Pro-2001 =990 ##$$a 170.874/Pro-2001 =990 ##$$a 170.875/Pro-2001 =990 ##$$a 170.872/Pro-2001 =990 ##$$a 170.873/Pro-2001 =990 ##$$a 170.874/Pro-2001 =990 ##$$a 170.875/Pro-2001